Album rap français #6 - Statistiques

Statistiques générales
  • Ce quiz a été pris 62 fois
  • Le résultat moyen est 11 sur 16
Statistiques - réponses
Par images Réponse % Correct
Guizmo
96%
Bramsito
88%
Yaro
88%
Lefa
84%
Ali
80%
Doria
80%
Despo Rutti
78%
Jarod
78%
Kekra
74%
Kofs
74%
Zesau
74%
Tisco
72%
Benjamin Epps
58%
Swift Guad
32%
Ixzo
20%
Rockin'Squat
2%
Aucun quiz correspondant
Distribution des résultats
% des personnes avec chaque résultat
Percentile par nombre de réponses
Votre historique - résultats
Vous n’avez pas pris ce quiz